[Event "Montigny le Bretonneux 17th"]
[Site "Montigny le Bretonneux"]
[Date "2018.10.21"]
[Round "2"]
[White "Delin, Valere"]
[Black "Goudon, Gregory"]
[Result "1-0"]
[WhiteElo "1882"]
[BlackElo "1679"]
[PlyCount "127"]
[EventDate "2018.10.20"]
[EventType "tourn"]
[EventRounds "9"]
[EventCountry "FRA"]
[SourceTitle "CBM 187 Extra"]
[Source "ChessBase"]
[SourceDate "2018.11.04"]
[SourceVersion "1"]
[SourceVersionDate "2018.11.04"]
[SourceQuality "1"]

1. e4 e5 2. Nf3 Nc6 3. Bb5 a6 4. Ba4 Nf6 5. 0-0 d6 6. Re1 Be7 7. h3 0-0 8. d3 b5 9. Bb3 Na5 10. Nbd2 Bb7 11. Nf1 Nxb3 12. axb3 Nd7 13. Ng3 Nb6 14. Nf5 a5 15. Bd2 a4 16. b4 Bf6 17. Bc3 Nc8 18. d4 exd4 19. N3xd4 Qd7 20. Qg4 Kh8 21. Nxb5 Bxc3 22. Nxc3 g6 23. Ne3 Qxg4 24. Nxg4 Nb6 25. Ne3 Rfe8 26. f3 Kg7 27. Kf2 Bc6 28. Red1 Ra7 29. Rd3 Rea8 30. Ncd5 Bxd5 31. exd5 f5 32. f4 Kf6 33. c4 Re8 34. Rd4 Rg8 35. Nc2 Re8 36. Na3 Re7 37. Re1 Rxe1 38. Kxe1 Ra8 39. Nb5 Re8+ 40. Kf2 Re4 41. Rxe4 fxe4 42. Na3 Kf5 43. Ke3 h5 44. g3 Nd7 45. Nc2 Nb6 46. Kd4 Kf6 47. Ne3 g5 48. Kxe4 h4 49. gxh4 gxf4 50. Kxf4 Kg6 51. Ke4 Nd7 52. Ng4 Nb6 53. Kd4 Nd7 54. c5 Kh5 55. c6 Nb6 56. Nf6+ Kxh4 57. Ne8 Na8 58. b5 Kxh3 59. Nxc7 Nb6 60. Ne8 Nc8 61. b6 Nxb6 62. Nxd6 Na8 63. Nb5 Kg4 64. d6 1-0